| 000 | 00836nam a2200241 i 4500 | ||
|---|---|---|---|
| 001 | 70706 | ||
| 003 | ES-MaACL | ||
| 005 | 20230906170909.0 | ||
| 007 | t| | ||
| 008 | 040802s1982 sp ||||1| spa d | ||
| 100 | 1 |
_aGarmendia Martínez, José A. _9169869 |
|
| 245 | 1 | 0 |
_aAbertzales y vascos _b: identificación vasquista y nacionalista en País Vasco / _cJosé A. Garmendia, Francisco Parra Luna, Alfonso Pérez Agote. |
| 260 |
_a[Madrid] : _bAkal, _c[1982] |
||
| 300 |
_a183 p. ; _c22 cm. |
||
| 490 | 1 |
_aAkal universitaria ; _v35 |
|
| 650 | 4 |
_aNacionalismo- _zPaís Vasco. _915458 |
|
| 700 | 1 |
_aParra Luna, Francisco. _989249 |
|
| 700 | 1 |
_aPérez-Agote, Alfonso. _990621 |
|
| 830 | 0 |
_aAkal universitaria ; _v35 _9177901 |
|
| 852 |
_aES-MaACL _jL-1830 _bR.102464 |
||
| 852 |
_aES-MaACL _jL-7755 _bR.108316 |
||
| 999 |
_c70706 _d70706 |
||